000 00262nam a2200097Ia 4500
001 645850
005 20250826153631.0
008 250824s9999 xx 000 0 und d
245 0 _aAYRILIK SEVDAYA DAHİL
_cATTİLA İLHAN
260 _bTÜRKİYE İŞ BANKASI YAYINLARI
999 _c645850
_d645850